| 000 | 00551nam a2200193Ia 4500 | ||
|---|---|---|---|
| 005 | 20250326141753.0 | ||
| 008 | 250326s9999 xx 000 0 und d | ||
| 020 | _a0-19-504196-8 | ||
| 037 | _aTextbook | ||
| 040 |
_aFMSL _beng _cFMSL |
||
| 041 |
_aeng _2eng |
||
| 084 |
_aX65 M6 _qFMSL |
||
| 100 |
_aLongstreth B _9745038 |
||
| 245 | 0 |
_aModern Investment management and the prudent man rule _cLongstreth B |
|
| 260 |
_aOxford _bOxford, Oxford University _c1986 |
||
| 300 | _a290p | ||
| 942 |
_cTB _hX65 M6 |
||
| 999 |
_c1291885 _d1291885 |
||